| 000 | 00498nam a2200169Ia 4500 | ||
|---|---|---|---|
| 999 |
_c13891 _d13891 |
||
| 082 | _aRJ 0149 | ||
| 100 | _aJayakumar, M.S. | ||
| 245 | 0 |
_aExclusion on the edge: _ba study on emigration-induced exclusion of elderly in Kerala |
|
| 260 |
_c2013 _bIndian Council of Social Science Research, New Delhi |
||
| 300 | _axii, 212p | ||
| 650 | _aExclusion | ||
| 650 | _aaged | ||
| 650 | _aKerala | ||
| 650 | _aEmigration and Immigration - social aspects | ||
| 700 | _aRajasenan, D. | ||
| 942 |
_cRP _2ddc |
||